01167cam a22002533a 45000010008000000030009000080050017000170070008000340080033000420100006000750200015000810400025000960820026001211000024001472450119001712500031002902600056003213000027003774900020004045200370004245210027007946000050008217000042008710000751DO-SdBNP20241021125818.00000751861112 2002 sp a 000 0 spa d a  a8420465054 aBPMSUcspadBPMSUd  4a833.91bE56m 20022221 aFrabetti, Víctor 10aMomo : bel libro de la película /cMichael Ende ;adaptación Carlos Frabetti ; dierección técnica Benayas  a3a. ed., 3a. reimpr. 2010  aMadrid :bSantillana ediciones generales,c2002f  a63 p. :bil. ;c20 cm.0 aPlaneta Junior  aUn humo gris y denso ha cubierto la ciudad. Los malvados hombres grises quieren hacer prisioneros a los hombres robándoles el tiempo. ¿Podrá Momo impedirlo? ¿Qué ocurrirá con sus amigos? ¿Caerán en las redes de los hombres grises?. Una apasionante aventura contrarreloj en la que la fuerza de la amistad será la única arma para luchar contra ellos. aA partir de 12 años.14aEnde, Michaeld1929-1995tMomovAdaptación 1 aBenayas, Víctor edirec. técnica